000 00922cam a22003011 4500
001 74832
003 BD-RjUL
005 20211209082617.0
008 720626s1962 xx 000 0 eng
035 _a(BD-RjUL)75050
035 _a(OCoLC)341995
040 _aDLC
_cODaU
_dUk
_dDLC
_beng
041 _aeng
042 _apremarc
082 _223
_a686.2
_bMOO 1962
100 1 _aMorison, Stanley,
_d1889-1967.
_9225816
245 1 0 _aOn type designs, past and present;
_ba brief introduction. /
_cStanley Morison,
250 _aNew ed. [rev. and enl.]
260 _aLondon:
_bE. Benn,
_c1962.
300 _a79 p.
_billus.
_c23 cm.
500 _aFirst published in 1926 under title: Type designs of the past and present.
650 0 _aPrinting
_vSpecimens.
_9225817
650 0 _aType and type-founding.
_9225818
942 _2ddc
_cBK
999 _c74832
_d74832